Deutsche Bands, die auf Englisch singen - Statistiken

Allgemein
  • Dieses Quiz wurde 70 mal gespielt
  • Das Durchschnittsergebnis liegt bei 8 aus 18
Antwortstatistiken
Songs Band % Korrekt
Rock You Like a Hurricane — Wind of Change Scorpions
91%
Maria (I Like It Loud) — How Much is the Fish? Scooter
82%
You're My Heart You're My Soul — Brother Louie Modern Talking
80%
Big in Japan — Forever Young Alphaville
78%
Daylight in your Eyes — Something About Us No Angels
68%
Evacuate the Dancefloor — Everytime We Touch Cascada
60%
Lemon Tree — Wild Days Fool's Garden
57%
Stolen Dance — Flashed Junk Mind Milky Chance
55%
Rhythm is a Dancer — The Power Snap!
49%
Narcotic — Doubledecker Liquido
40%
Open Your Eyes — Lords of the Boards Guano Apes
38%
Sadeness (Part I) — Return To Innocence Enigma
28%
Radio Orchid — Every Generation Got Its Own Disease Fury in the Slaughterhouse
23%
Hand in Hand — I Don't Care As Long As You Sing Beatsteaks
22%
The Bard’s Song (In the Forest) — A Voice in the Dark Blind Guardian
17%
Forever and One — I Want Out Helloween
15%
The Sparrows and the Nightingales — Once in a Lifetime Wolfsheim
12%
Come to Sin — Easy Day Bananafishbones
9%
Keine übereinstimmenden Quizze gefunden
Verteilung der Resultate
Anzahl Personen mit jedem Resultat
Perzentil nach korrekt beantworteten Fragen
Ihre Resultats-Entwicklung
Sie haben dieses Quiz noch nicht gespielt